书目信息 |
| 题名: |
建筑工程施工组织
|
|
| 作者: | 陈明彩 主编 | |
| 分册: | ||
| 出版信息: | 武汉 华中科技大学出版社 2015.01 |
|
| 页数: | 180页 | |
| 开本: | 26cm | |
| 丛书名: | 高职高专土建类工学结合“十二五”规划教材 | |
| 单 册: | ||
| 中图分类: | TU721 | |
| 科图分类: | ||
| 主题词: | 建筑工程--jian zhu gong cheng--施工组织--高等职业教育--教材 | |
| 电子资源: | ||
| ISBN: | 978-7-5609-9924-1 | |
| 000 | 01123nam 2200277 450 | |
| 001 | CAL 0120141398096 | |
| 005 | 20150819150350.76 | |
| 010 | @a978-7-5609-9924-1@dCNY29.80 | |
| 100 | @a20150108d2015 em y0chiy50 ea | |
| 101 | 0 | @achi |
| 102 | @aCN@b420000 | |
| 105 | @aak a 000yy | |
| 106 | @ar | |
| 200 | 1 | @a建筑工程施工组织@Ajian zhu gong cheng shi gong zu zhi@f主编陈明彩 |
| 210 | @a武汉@c华中科技大学出版社@d2015.01 | |
| 215 | @a180页@c图@d26cm | |
| 225 | 2 | @a高职高专土建类工学结合“十二五”规划教材@Agao zhi gao zhuan tu jian lei gong xue jie he “ shi er wu ” gui hua jiao cai |
| 320 | @a有书目 | |
| 330 | @a本书的主要任务是介绍建筑工程施工组织的一般规律及建筑工程的合理组织与管理。全书共分五个教学情境, 主要内容包括建筑工程施工组织概述、砖混结构工程施工组织、框架结构工程施工组织、建筑工程施工管理实务等。 | |
| 410 | 0 | @12001 @a高职高专土建类工学结合“十二五”规划教材 |
| 586 | @a | |
| 606 | 0 | @a建筑工程@Ajian zhu gong cheng@x施工组织@x高等职业教育@j教材 |
| 690 | @aTU721@v5 | |
| 701 | 0 | @a陈明彩@Achen ming cai@4主编 |
| 801 | 0 | @aCN@c20150820 |
| 905 | @a河南城建学院图书馆@dTU721@eC510@f3 | |
| 建筑工程施工组织/主编陈明彩.-武汉:华中科技大学出版社,2015.01 |
| 180页:图;26cm.-(高职高专土建类工学结合“十二五”规划教材) |
| ISBN 978-7-5609-9924-1:CNY29.80 |
| 本书的主要任务是介绍建筑工程施工组织的一般规律及建筑工程的合理组织与管理。全书共分五个教学情境, 主要内容包括建筑工程施工组织概述、砖混结构工程施工组织、框架结构工程施工组织、建筑工程施工管理实务等。 |
| ● |
| 相关链接 |
|
|
|
正题名:建筑工程施工组织
索取号:TU721/C510
 
预约/预借
| 序号 | 登录号 | 条形码 | 馆藏地/架位号 | 状态 | 备注 |
| 1 | 1166749 | 211667490 | 建筑库201/201建筑库 27排3列3层/ [索取号:TU721/C510] | 在馆 | |
| 2 | 1166750 | 211667506 | 建筑库201/201建筑库 27排3列3层/ [索取号:TU721/C510] | 在馆 | |
| 3 | 1166751 | 211667515 | 建筑库201/201建筑库 27排3列3层/ [索取号:TU721/C510] | 在馆 |